| 000 | 00562nam a2200193 i 4500 | ||
|---|---|---|---|
| 001 | 76653 | ||
| 003 | ES-MaACL | ||
| 005 | 20230906172918.0 | ||
| 007 | t| | ||
| 008 | 041004s1958 sp ||||1| spa d | ||
| 245 | 0 | 0 | _aGuía turística de Madrid y sus alrededores turísticos. |
| 250 | _a[1ª ed.]. | ||
| 260 |
_a[Madrid : _bs.n., _c1958] ( _fAfrodisio Aguado) |
||
| 300 |
_a268 p., 64 lám. ; _c16 cm. |
||
| 490 | 1 | _aGuías Afrodisio Aguado | |
| 830 | 0 |
_aGuías Afrodisio Aguado _9231309 |
|
| 852 |
_aES-MaACL _jC-14573 _bR.42108 |
||
| 999 |
_c76653 _d76653 |
||